Stati per Densità di popolazione - 1980 - Statistics

Statistiche generali
  • Questo quiz è stato fatto 4 volte
  • Il punteggio medio è 4 su 10
Statistiche sulle risposte
Densità (popolazione per km²) Continente Nazione % Corretto
17 949 Europa Monaco
100%
625 Asia Bangladesh
75%
1 645 Europa Città del Vaticano
50%
3 445 Asia Singapore
50%
473 Asia Bahrein
25%
586 America del Nord Barbados
25%
528 Asia Maldive
25%
1 041 Europa Malta
25%
475 Africa Mauritius
25%
419 Europa Paesi Bassi
25%
Nessun quiz corrispondente trovato
Distribuzione punteggi
Percentuale di utenti per punteggio
Percentile per numero di risposta
I tuoi punteggi nel tempo
Non hai fatto questo quiz